| 000 | 00522 a2200133 4500 | ||
|---|---|---|---|
| 082 | _aBIT-5 | ||
| 100 |
_aWaqas Haider _935998 |
||
| 245 |
_aExploration Project Managwment System (EPMS) [Project BIT5] _cWaqas Haider |
||
| 260 |
_aIslamabad, _bNUST School of Electrical Engineering & Computer Science, _c2006. |
||
| 300 |
_axii, 90 p. : _bill. ; _c27 cm. + _eCD-ROM |
||
| 500 | _aSupervisors : Dr. Hafiz Farooq Ahmad, Mr. Shaji Alam. | ||
| 856 | _uhttp://10.250.8.41:8080/xmlui/handle/123456789/9220 | ||
| 942 |
_cPR _kBIT-5 WAQ _2ddc |
||
| 999 |
_c9127 _d9127 |
||